Mediación familiar: aspectos jurídicos y prácticos.
Na minha lista:
| Autor principal: | |
|---|---|
| Formato: | Livro |
| Idioma: | espanhol |
| Publicado em: |
Buenos Aires, Argentina
Biblos
1996
|
| Colecção: | Estudios Sociales
|
| Assuntos: | |
| Tags: |
Adicionar Tag
Sem tags, seja o primeiro a adicionar uma tag!
|
MARC
| LEADER | 00000nam a2200000 a 4500 | ||
|---|---|---|---|
| 001 | UCK6984 | ||
| 003 | CL-VaPUC | ||
| 005 | 20230317090404.0 | ||
| 008 | 051028e19960000AG |||||||||||||||||spa|d | ||
| 999 | |c 315078 |d 315076 | ||
| 020 | |a 9507861238 | ||
| 040 | |c Pontificia Universidad Católica de Valparaíso | ||
| 082 | 0 | 4 | |a 347.09 ORT 1996 |2 21 |
| 100 | |a Ortemberg, Osvaldo Daniel |e autor |9 496454 | ||
| 245 | 1 | 0 | |a Mediación familiar: aspectos jurídicos y prácticos. |
| 260 | 0 | 3 | |a Buenos Aires, Argentina |b Biblos |c 1996 |
| 300 | |a 183 páginas. | ||
| 490 | 0 | |a Estudios Sociales | |
| 583 | |a last modification |c 20051028 00:00:00 |k Rodrigo Vera | ||
| 650 | 0 | |a Mediación familiar |9 466593 | |
| 650 | 0 | |a Resolución de conflictos |9 434922 | |
| 650 | 0 | |a Relaciones interpersonales |9 307056 | |
| 650 | 0 | |a Comunicación interpersonal |9 307498 | |
| 650 | 0 | |a Abogados |9 256284 | |
| 650 | 0 | |a Tribunales |9 254872 | |
| 942 | |c BK |2 ddc | ||
| 945 | |d 20051028 00:00:00 |a cmena | ||
| 952 | |0 0 |1 0 |2 ddc |4 0 |6 347_090000000000000_ORT_1996 |7 0 |8 A |9 387991 |a BIBDER |b BIBDER |d 2019-11-22 |i 4176375 |o 347.09 ORT 1996 |p 4176375 |r 2023-01-25 |t 1 |w 2019-11-22 |y BK |k DER | ||